000 00652nam a2200217Ia 4500
003 GCL
008 140319s9999 xx 000 0 ara d
040 _aGCL /
_cGCL
082 0 4 _a131.32
_bد ا
100 1 _aعبدالمنعم محمد الزيادى
245 1 0 _aادفعى زوجك الى النجاح /
_cعبدالمنعم محمد الزيادى
700 1 _aدوروثى كارنيجى
300 _a182 ص
490 _a
650 0 4 _aالشخصية
650 0 4 _aالسلوك الاجتماعى
650 0 4 _aاداب السلوك
650 0 4 _aالنجاح
650 0 4 _aالعلاقات الاجتماعية
942 _2ddc
_cBK
999 _c42161
_d42161